000 00777nam a22002297a 4500
005 20130911105454.0
010 _aENG-108246
020 _a9788180642296
_c400.00
020 _a8180642291
_c400.00
035 _aEN-91779
037 _bDBAD/PUB
082 _a190
100 _aFalckenberg, Richard
245 _aHistory of modern philosophy from Nicolas of Cusa to the present time /
_cby Richard Falckenberg ; translated by A.C. Armstrong
260 _aKolkata
_bProgressive Publishers
_c2012
270 _a37A, College Street
_bKolkata
_e73
300 _a683p.
_c22cm(pbk)
500 _aIncludes bibliographical references and index
650 _a Philosophy, Modern
_xHistory.
700 _aArmstrong, A.C.
_d1860-1935
942 _2ddc
_cEN
_mFAL
_h190
999 _c78233
_d78233